000 00438nam a2200157Ia 4500
005 20260330112659.0
008 260330s9999||||xx |||||||||||||| ||und||
020 _a9789588832272
041 _aspa
100 _aMarquez,Martha Isabel
245 0 _aEl Dictador De Copenhague /
_cMartha Isabel Marquez
260 _aBogotá :
_bEditorial Universidad Francisco Jose De Caldas.
_c2014
300 _a76 p.
650 _aTEATRO
942 _cBKL
999 _c1524
_d1524